| 000 | 00636nam a2200229Ia 4500 | ||
|---|---|---|---|
| 003 | OSt | ||
| 005 | 20220924114246.0 | ||
| 006 | a|||||r|||| 00| 0 | ||
| 007 | ta | ||
| 008 | 220923b |||||||| |||| 00| 0 urd d | ||
| 024 | _a320098 | ||
| 037 | _cTextual | ||
| 040 |
_aARTS _cARTS _burd |
||
| 041 |
_2urd _aurd |
||
| 082 | _aP168:3, N6 | ||
| 100 |
_aKhan Fateh Mohammad Au. _9172676 |
||
| 245 | 0 | _aMisbah-e-al-qawaid | |
| 260 |
_aAmritsar _bAzad book depot India _c1996 |
||
| 650 |
_aURDU LANGUAGE - GRAMMAR _9172677 |
||
| 942 |
_hP168:3, N6 _cTEXL _2CC |
||
| 999 |
_c392729 _d392729 |
||